书目信息 |
| 题名: |
摄影技术大全
|
|
| 作者: | 约菲斯 主编 ;张汉玺 译 | |
| 分册: | ||
| 出版信息: | 北京 知识出版社 1987.12 |
|
| 页数: | 915页 | |
| 开本: | 20cm | |
| 丛书名: | ||
| 单 册: | ||
| 中图分类: | TB8-62 | |
| 科图分类: | ||
| 主题词: | 摄影技术 | |
| 电子资源: | ||
| ISBN: | ||
| 000 | 00558nam0 2200205 45 | |
| 001 | 0312221749 | |
| 005 | 20031222170909.0 | |
| 010 | @dCNY8.80 | |
| 100 | @a20031222d1987 km y0chiy0120 ea | |
| 101 | @achi | |
| 105 | @a z 000yy | |
| 200 | 1 | @a摄影技术大全@AShe Ying Ji Shu Da Quan@f(苏)约菲斯主编@F(Su)Yue Fei Si Zhu Bian@g张汉玺译 |
| 210 | @a北京@c知识出版社@d1987.12 | |
| 215 | @a915页@d20cm | |
| 606 | 0 | @a摄影技术 |
| 690 | @aTB8-62@v3 | |
| 701 | 0 | @a约菲斯@4主编 |
| 702 | 0 | @a张汉玺@4译 |
| 801 | @aCN@bTSTCL@c20031222 | |
| 905 | @a213230@dTB8-62@e21 | |
| 摄影技术大全/(苏)约菲斯主编/张汉玺译.-北京:知识出版社,1987.12 |
| 915页;20cm |
| ISBN :CNY8.80 |
| ● |
| 相关链接 |
|
|
|
|
正题名:摄影技术大全
索取号:TB8-62/21
 
预约/预借
| 序号 | 登录号 | 条形码 | 馆藏地/架位号 | 状态 | 备注 |
| 1 | 0211714 | 202107870 | 第二样本阅览室/ [索取号:TB8-62/21] | 在馆 |